Earfquake - Tyler, the Creator Lyrics - Statistics

General Stats
  • This quiz has been taken 789 times
  • The average score is 224 of 322
Answer Stats
Lyrics % Correct
my
98%
you
98%
You
98%
earth
96%
make
96%
quake
95%
I
93%
a
92%
D.
87%
do-do-do-do-do,
86%
it
86%
'Cause
84%
'cause
84%
Don't
84%
don't
84%
Don't,
84%
it's
83%
Oh,
82%
fault
81%
leave,
81%
leave
81%
He
78%
For
77%
for
77%
real,
77%
real
77%
me
75%
time
75%
heart
74%
this
74%
on
73%
break
71%
need
71%
need...
71%
when
67%
making
66%
up
66%
around,
65%
down
64%
no
64%
And
63%
Ridin'
62%
all
61%
crashin'
60%
comes
59%
love
57%
shakin'
57%
f***
55%
your
53%
I'll
52%
So
52%
be
49%
Bih',
48%
B****,
46%
like
46%
Like
46%
want
46%
in
45%
set
45%
God
44%
give
42%
she
42%
the
42%
I'm
41%
conversation
40%
'bout
39%
Just
39%
just
39%
Vicky
39%
feel,
38%
some
38%
Riding
37%
Woah
37%
crashing
36%
how
36%
is
36%
gon'
35%
ain't
33%
Tyler
33%
lawyer
32%
none'
32%
not
32%
We
32%
confirmation
31%
with
31%
call
30%
fall
29%
to
29%
confrontation,
28%
Rose
28%
said
28%
wicked
28%
ball,
26%
girl
25%
cannot
24%
ride
24%
Tiffany
24%
you're
24%
car
23%
complication,
23%
Diamonds
23%
know
23%
might
22%
gotta
21%
short
21%
something
21%
'formation
19%
lungs
19%
Plug
19%
side
16%
telling
12%
bad
10%
happening
6%
what's
6%
Breathin'
5%
No matching quizzes found
Score Distribution
Percent of People with Each Score
Percentile by Number Answered
Your Score History
You have not taken this quiz